|
|
|
|
| LEADER |
01066nam a2200313 a 4500 |
| 001 |
000041793 |
| 003 |
32481 |
| 005 |
20201110153802.0 |
| 008 |
171030s2007 |
| 020 |
|
|
|c 348000
|
| 040 |
|
|
|a Lnn
|c lnn
|d Lnn
|
| 041 |
0 |
|
|a vie
|
| 082 |
1 |
4 |
|a 346.209597
|b Câ-N
|
| 245 |
0 |
0 |
|a Cẩm nang công tác tổ chức cán bộ cơ quan hành chính sự nghiệp.
|
| 260 |
|
|
|a Hà Nội :
|b Tài chính,
|c 2007.
|
| 300 |
|
|
|a 1526 tr. ;
|c 24 cm.
|
| 440 |
|
0 |
|a Tủ sách văn bản quy phạm pháp luật.
|
| 630 |
0 |
4 |
|a Hành chính sự nghiệp.
|
| 650 |
0 |
4 |
|a Hành chính sự nghiệp
|x Công tác tổ chức.
|
| OWN |
|
|
|a LNN
|
| 902 |
|
|
|a TKV
|
| AVA |
|
|
|a UDN50
|b LNN
|d 346.21 Câ-N
|e available
|t Error 5001 Not defined in file expand_doc_bib_avail.
|f 1
|g 0
|h N
|i 0
|k 1
|
| 999 |
|
|
|a From the UDN01
|
| AVA |
|
|
|a UDN50
|b LNN
|d 346.21 Câ-N
|e available
|t Error 5001 Not defined in file expand_doc_bib_avail.
|f 1
|g 0
|h N
|i 0
|k 1
|
| TYP |
|
|
|a Monograph
|
| TYP |
|
|
|a Printed language
|
| 980 |
|
|
|a Mạng thư viện Đại học Đà Nẵng
|